000 00741nam a2200181Ia 4500
008 090124s9999 xx 000 0 und d
082 _b31538
100 _aजोशी प्रा. डॉ. गजानन नारायण
245 _a गुरुदेवांची गीतांजली
250 _a1
260 _bचेतश्री प्रकाशन
_c1993
300 _a225
600 _aजोशी प्रा. डॉ. गजानन नारायण
630 _a गुरुदेवांची गीतांजली
700 _aजोशी प्रा. डॉ. गजानन नारायण
730 _a गुरुदेवांची गीतांजली
942 _cBOOK
999 _c97637
_d97637